| 000 | 01039cam a22002295a 4500 | ||
|---|---|---|---|
| 001 | L150363 | ||
| 008 | 100705e2010 xxk 000 0 eng d | ||
| 035 | _a(Sirsi) u150363 | ||
| 041 | 0 | _aeng | |
| 100 | 1 | _aRawlinson, Simon | |
| 245 | 0 | 0 |
_aSpecialist costs _bM&E services |
| 260 | _c2010 | ||
| 490 |
_aBuilding _v275 (8636) 2 July 2010, 74-77(4) |
||
| 520 | _aExamines the range of challenges faced by mechanical and electrical (M&E) specialists in the contractor market; outlines the structure of the building services contracting industry; value drivers include system efficiency, product innovation, building information modelling (BIM), prefabrication, design rationalisation; cost drivers include regulation, commodity prices, preliminaries and margins; procurement; indicative costs of building services installations. | ||
| 590 | _aKA | ||
| 650 | 2 | 4 | _aBUILDING INFORMATION MODELLING |
| 650 | 2 | 4 |
_aBIM _96219 |
| 651 | 4 |
_aUnited Kingdom _y |
|
| 690 | _aBUILT ENVIRONMENT-BUILDING COSTS | ||
| 690 |
_aBIM _96219 |
||
| 942 | _n0 | ||
| 999 |
_c82476 _d82476 |
||